Word Ladder: Enterprise Foe Quiz Stats

 Plays Quiz Updated Apr 4, 2016

Challenge
Share
Tweet
Embed
Score 0/15 Timer 01:30
0 Plays Today
Hint 4-Letter Word % Correct
Spoiled childBRAT
95.9%
Finished or endedDONE
95%
Best seller: 'Eat, ____, Love'PRAY
94.6%
Sound like a donkeyBRAY
93.5%
• Symbol of peace •• DOVE •
92.8%
Damage to a bumperDENT
91.2%
• Predator's target •• PREY •
91%
Peer-pressure challengeDARE
90%
Hint 4-Letter Word % Correct
Unveiled and unadornedBARE
89.5%
'That's prohibited!'DON'T
89.5%
Shakespeare: ____ of AvonBARD
89.3%
Who HAL locked out of the pod bayDAVE
85.1%
Exhausted or tired (informally)BEAT
81.2%
Natural inclinationBENT
80.7%
• Flock member •• BIRD •
76.9%

Today's Daily Dose

You're not logged in!

Compare scores with friends on all Sporcle quizzes.
Join for Free
OR
Log In

You Might Also Like...

Show Comments

Extras

Top Quizzes Today


Score Distribution

Your Account Isn't Verified!

In order to create a playlist on Sporcle, you need to verify the email address you used during registration. Go to your Sporcle Settings to finish the process.

Report this User

Report this user for behavior that violates our Community Guidelines.

Details: